Rubber thottangalude mappinginu dronukal (Record no. 75301)

MARC details
000 -LEADER
fixed length control field 00277nam a22001217a 4500
100 ## - MAIN ENTRY--AUTHOR NAME
Personal name Pradeep, B.
245 ## - TITLE STATEMENT
Title Rubber thottangalude mappinginu dronukal
260 ## - PUBLICATION, DISTRIBUTION, ETC. (IMPRINT)
Name of publisher Rubber, 696(May). 2024. 16-18
300 ## - PHYSICAL DESCRIPTION
Other physical details Malayalam
650 ## - SUBJECT ADDED ENTRY--TOPICAL TERM
Topical Term Mapping
650 ## - SUBJECT ADDED ENTRY--TOPICAL TERM
Topical Term Drone
942 ## - ADDED ENTRY ELEMENTS (KOHA)
Koha item type Journals
Holdings
Withdrawn status Lost status Damaged status Not for loan Home library Current library Date acquired Koha item type
        RRII Library RRII Library 02/07/2024 Journals